All Speakers of the U.S. House of Representatives - Statistics

General Stats
  • This quiz has been taken 16 times
  • The average score is 17 of 65
Answer Stats
Years Served Party District Answer % Correct
2023 - Present Republican Louisiana 4 Mike Johnson
100%
2007 - 2011 Democrat California 8 Nancy Pelosi
100%
2019 - 2023 Democrat California 12 Nancy Pelosi
100%
2023 Republican California 20 Kevin McCarthy
93%
2015 - 2019 Republican Wisconsin 1 Paul Ryan
80%
1995 - 1999 Republican Georgia 6 Newt Gingrich
73%
1999 - 2007 Republican Illinois 14 Dennis Hastert
60%
2011 - 2015 Republican Ohio 8 John Boehner
60%
1977 - 1987 Democrat Massachusetts 8 Tip O'Neill
60%
1940 - 1947 Democrat Texas 4 Sam Rayburn
53%
1949 - 1953 Democrat Texas 4 Sam Rayburn
53%
1955 - 1961 Democrat Texas 4 Sam Rayburn
53%
1931 - 1933 Democrat Texas 15 John Nance Garner
47%
1811 - 1814 Democratic Republican Kentucky 5, Kentucky 2 Henry Clay
33%
1815 - 1820 Democratic Republican Kentucky 2 Henry Clay
33%
1823 - 1825 Democratic Republican Kentucky 3 Henry Clay
33%
1989 - 1995 Democrat Washington 5 Tom Foley
33%
1827 - 1834 Jacksonian Virginia 9, Virginia 11 Andrew Stevenson
27%
1971 - 1977 Democrat Oklahoma 3 Carl Albert
27%
1987 - 1989 Democrat Texas 12 Jim Wright
27%
1903 - 1911 Republican Illinois 18 Joseph Gurney Cannon
27%
1911 - 1919 Democrat Missouri 9 Champ Clark
20%
1789 - 1791 Pro Administration Pennsylvania at Large Frederick Muhlenberg
20%
1793 - 1795 Anti-Administration Pennsylvania at Large Frederick Muhlenberg
20%
1869 - 1875 Republican Maine 3 James G. Blaine
20%
1835 - 1839 Jacksonian, Democrat Tennessee 9 James K. Polk
20%
1845 - 1847 Democrat Indiana 6 John Wesley Davis
20%
1962 - 1971 Democrat Massachusetts 9 John W. McCormack
20%
1801 - 1807 Democratic Republican North Carolina 5, North Carolina 6 Nathaniel Macon
20%
1925 - 1931 Republican Ohio 1 Nicholas Longworth
20%
1899 - 1903 Democrat Iowa 3 David B. Henderson
13%
1919 - 1925 Republican Massachusetts 2 Frederick H. Gillett
13%
1935 - 1936 Democrat Tennessee 5 Jo Byrns
13%
1841 - 1843 Whig Kentucky 9 John White
13%
1843 - 1845 Democrat Virginia 6 John Winston Jones
13%
1820 - 1821 Democratic Republican New York 11 John W. Taylor
13%
1825 - 1827 National Republican New York 17 John W. Taylor
13%
1947 - 1949 Republican Massachusetts 14 Joseph W. Martin Jr.
13%
1953 - 1955 Republican Massachusetts 14 Joseph W. Martin Jr.
13%
1875 - 1876 Democrat Indiana 3 Michael C. Kerr
13%
1876 - 1881 Democrat Pennsylvania 3 Samuel J. Randall
13%
1869 Republican New York 24 Theodore M. Pomeroy
13%
1889 - 1891 Republican Maine 1 Thomas Brackett Reed
13%
1895 - 1899 Republican Maine 1 Thomas Brackett Reed
13%
1860 - 1861 Republican New Jersey 5 William Pennington
13%
1891 - 1895 Democrat Georgia 3 Charles Frederick Crisp
7%
1861 - 1862 Republican Pennsylvania 15 Galusha A. Grow
7%
1933 - 1934 Democrat Illinois 20 Henry Thomas Rainey
7%
1849 - 1851 Democrat Georgia 6 Howell Cobb
7%
1857 -1859 Democrat South Carolina 5 James Lawrence Orr
7%
1824 - 1835 Jacksonian Tennessee 7 John Bell
7%
1883 - 1889 Democrat Kentucky 6 John G. Carlisle
7%
1795 - 1799 Federalist New Jersey At Large Jonathan Dayton
7%
1791 - 1793 Pro Administration Connecticut at Large Jonathan Trumbull Jr.
7%
1807 - 1811 Democratic Republican Massachusetts 4 Joseph Bradley Varnum
7%
1881 - 1883 Republican Ohio 8 J. Warren Keifer
7%
1814 - 1815 Democratic Republican South Carolina 1 Langdon Cheves
7%
1851 - 1855 Democrat Kentucky 1 Linn Boyd
7%
1856 - 1857 American Massachusetts 7 Nathaniel P. Banks
7%
1821 - 1823 Democratic Republican Virginia 11 Philip P. Barbour
7%
1847 - 1849 Whig Massachusetts 1 Robert Charles Winthrop
7%
1839 - 1841 Whig Virginia 9 Robert M. T. Hunter
7%
1863 - 1869 Republican Indiana 9 Schuyler Colfax
7%
1799 - 1801 Federalist Massachusetts 1 Theodore Sedgwick
7%
1936 - 1940 Democrat Alabama 7 William B. Bankhead
7%
No matching quizzes found
Score Distribution
Percent of People with Each Score
Percentile by Number Answered
Your Score History
You have not taken this quiz